000 00607 a2200241 4500
260 _aParis
630 _a33 - Economie - Economie politique
650 _a3 - SCIENCES SOCIALES
100 _aLe Bas, Christian
700 _aRequier-Desjardins, Denis
260 _bSirey
245 _aLes Grandes puissances d'économie libérale depuis 1948
300 _a250p.
650 _aLibéralisme : économie : 1948
260 _c1993
300 _b25cm
100 _lFr
440 _aMémentos d'histoire économique
037 _aDE 7563
020 _a2-247-01510-7
999 _c44796
_d44796